Statistics for the terrified. (Record no. 29849)

000 -LEADER
fixed length control field 01350cam a22003494a 4500
001 - CONTROL NUMBER
control field 14405855
005 - DATE AND TIME OF LATEST TRANSACTION
control field 20190228020106.0
008 - FIXED-LENGTH DATA ELEMENTS--GENERAL INFORMATION
fixed length control field 060608s2007 njua 001 0 eng
010 ## - LIBRARY OF CONGRESS CONTROL NUMBER
LC control number 2006018895
020 ## - INTERNATIONAL STANDARD BOOK NUMBER
International Standard Book Number 0131930117
020 ## - INTERNATIONAL STANDARD BOOK NUMBER
International Standard Book Number 9780131930117
020 ## - INTERNATIONAL STANDARD BOOK NUMBER
International Standard Book Number 0132328860 (pbk.)
020 ## - INTERNATIONAL STANDARD BOOK NUMBER
International Standard Book Number 9780132328869 (pbk.)
020 ## - INTERNATIONAL STANDARD BOOK NUMBER
International Standard Book Number 9780131930117
035 ## - SYSTEM CONTROL NUMBER
System control number (OCoLC)ocm70122454
035 ## - SYSTEM CONTROL NUMBER
System control number (OCoLC)70122454
050 00 - LIBRARY OF CONGRESS CALL NUMBER
Classification number QA276.12.K73 2007
Item number .K73 2007
100 1# - MAIN ENTRY--PERSONAL NAME
Personal name Kranzler, John H.
245 10 - TITLE STATEMENT
Title Statistics for the terrified.
250 ## - EDITION STATEMENT
Edition statement 4th ed. /
Remainder of edition statement John H. Kranzler.
260 ## - PUBLICATION, DISTRIBUTION, ETC. (IMPRINT)
Place of publication, distribution, etc. Upper Saddle River, N.J. :
Name of publisher, distributor, etc. Prentice Hall,
Date of publication, distribution, etc. c2007.
300 ## - PHYSICAL DESCRIPTION
Extent xiii, 206 p. :
Other physical details ill. ;
Dimensions 23 cm.
500 ## - GENERAL NOTE
General note Includes index.
650 #0 - SUBJECT ADDED ENTRY--TOPICAL TERM
Topical term or geographic name as entry element Statistics.
700 1# - ADDED ENTRY--PERSONAL NAME
Personal name Kranzler, Gerald.
700 1# - ADDED ENTRY--PERSONAL NAME
Personal name Moursund, Janet.
856 41 - ELECTRONIC LOCATION AND ACCESS
Materials specified Table of contents only
Uniform Resource Identifier <a href="http://www.loc.gov/catdir/toc/ecip0615/2006018895.html">http://www.loc.gov/catdir/toc/ecip0615/2006018895.html</a>
942 ## - ADDED ENTRY ELEMENTS (KOHA)
Source of classification or shelving scheme
Koha item type Hard Covered Materials
Classification part QA276.12.K73 2007
Koha issues (borrowed), all copies 1
Holdings
Withdrawn status Lost status Source of classification or shelving scheme Damaged status Not for loan Home library Current library Shelving location Date acquired Source of acquisition Total Checkouts Full call number Barcode Date last seen Date last checked out Price effective from Koha item type
          MACHAKOS UNIVERSITY LIBRARY MACHAKOS UNIVERSITY LIBRARY Open shelf 03/10/2018 Donation (BFA) 4 QA276.12.K73 2007 11398 06/12/2019 22/11/2019 03/10/2018 Hard Covered Materials
© Machakos University Library, Along The Highway, Machakos Wote Rd, Machakos, Kenya P.O. Box 136 - 90100 Machakos - Kenya

Tel: ( +254 ) 723 805829 OR Fax : 044-20353 OR Email: library@mksu.ac.ke